Úloha ABC transportérov v sekundárnom metabolizme Trichoderma viride
Gespeichert in:
| 1. Verfasser: | |
|---|---|
| Weitere Verfasser: | |
| Format: | Manuskript Buch |
| Sprache: | Slowakisch |
| Veröffentlicht: |
2015
|
| Schlagworte: | |
| Online-Zugang: | http://is.stuba.sk/zp/portal_zp.pl?podrobnosti=107691 |
| Tags: |
Keine Tags, Fügen Sie das erste Tag hinzu!
|
MARC
| LEADER | 00000ntm a22000003a 4500 | ||
|---|---|---|---|
| 001 | stuzp53087 | ||
| 003 | SK-STU | ||
| 005 | 20160719154357.2 | ||
| 007 | ta | ||
| 008 | 150427s2015----xo-----f-mn---000-0-slo-d | ||
| 040 | |a STU |b slo | ||
| 041 | 0 | |a slo | |
| 100 | 1 | |a Fabiniová, Romana, |d 1990- |u 043260 |4 aut |U FCHPT Ústav biochémie, výživy a ochrany zdravia |T FCHPT Oddelenie biochémie a mikrobiológie |X 74026 |U C3260 |Y 113 |7 74026 | |
| 242 | 0 | 1 | |a The Role of ABC Transporters in Secondary Metabolism of Trichoderma viride |y eng |
| 245 | 1 | 0 | |a Úloha ABC transportérov v sekundárnom metabolizme Trichoderma viride |
| 260 | |c 2015 | ||
| 650 | 4 | |a polyketidsyntázy |2 slo | |
| 650 | 4 | |a ABC transportéry |2 slo | |
| 650 | 4 | |a antrachinóny |2 slo | |
| 650 | 4 | |a sekundárny metabolizmus |2 slo | |
| 650 | 4 | |a secondary metabolism |2 eng | |
| 650 | 4 | |a polyketidsynthase |2 eng | |
| 650 | 4 | |a ABC transporters |2 eng | |
| 650 | 4 | |a anthraquinone |2 eng | |
| 700 | 1 | |a Olejníková, Petra, |d 1978- |4 ths |X 3976 |7 A000003976 | |
| 856 | 4 | |u http://is.stuba.sk/zp/portal_zp.pl?podrobnosti=107691 | |
| SQL | |a stuzp53087 |b DDP |c SLO |d Úloha ABC transportérov v sekundárnom metabolizme Trichoderma viride |e 74026 |f Fabiniová, Romana |g 043260 |h 3976 |i Olejníková, Petra |j 20150609 |k 560 |l 04 |m http://is.stuba.sk/zp/portal_zp.pl?podrobnosti=107691 |n I-BIOTE |o 5.2.25. biotechnológie | ||